00684nam a2200169Ia 4500008004100000020001500041041000800056082001700064100007300081245012500154250000600279260003900285300001100324650003400335999001900369952012600388210716s2006 xx 000 0 und d a8131704491 aeng a332.632 CHAG aChacko, George; Sjoman, Anders; Motohashi, Hideto; Dessain, Vincent. aCredit derivatives: a primer on credit risk modeling and instruments.bA primer on credit risk modeling and instruments. a1 aNew DelhibPearson Educationc2006 aix,256 aDerivatives & Risk Management c201544d201544 001040708MBAaAIMITbAIMITd2006-10-01g550.00l0o332.632 CHAGpMBA04110r2026-05-23 00:00:00v440.00w2021-07-16yBK